Conventional Weapons - My Chemical Romance - Statistics

General Stats
  • This quiz has been taken 135 times
  • The average score is 7 of 10
Answer Stats
Single Answer % Correct
Number Two AMBULANCE
93%
Number Two Gun.
93%
Number One Boy Division
85%
Number Three The Light Behind Your Eyes
84%
Number Four Make Room!!!
83%
Number Three The World is Ugly
81%
Number Five Burn Bright
72%
Number One Tomorrow's Money
64%
Number Five Surrender the Night
63%
Number Four Kiss That Ring
29%
No matching quizzes found
Score Distribution
Percent of People with Each Score
Percentile by Number Answered
Your Score History
You have not taken this quiz